Cell Cycle - Statistics

General Stats
  • This quiz has been taken 88 times
  • The average score is 6 of 10
Answer Stats
Clue Answer % Correct
Umbrella Phase | Longest phase of the cell cycle Interphase
90%
M phase stage where spindle fibers form, nucleolus disappears, and nuclear membrane breaks down Prophase
87%
M phase stage where spindle fibers pull chromosomes to either end of the cell Anaphase
84%
M phase stage where the chromosomes line up in the middle of the cell Metaphase
83%
M phase stage where two identicle nuclei form on each end of the cell and furrow forms in the cells cytoplasm Telophase
77%
Stage in which cytoplasm and its contents divide Cytokinesis
68%
Umbrella Phase | Stage in which the nucleus and its contents devide Mitosis
57%
Stage in which the DNA replicates Synthesis
38%
Stage in which the organelles replicate Gap 1
17%
Stage where the cell prepares for the M phase Gap 2
16%
No matching quizzes found
Score Distribution
Percent of People with Each Score
Percentile by Number Answered
Your Score History
You have not taken this quiz